[Event "Brandenburg Seniors op 10th"]
[Site "Uckley"]
[Date "2001.09.25"]
[Round "4"]
[White "Augustat, Siegfried"]
[Black "Hilbig, Helmut"]
[Result "1-0"]
[WhiteElo "1845"]
[BlackElo "100"]
[PlyCount "69"]
[EventDate "2001.09.??"]
[EventType "swiss"]
[EventRounds "7"]
[EventCountry "GER"]
[SourceTitle "EXT 2006"]
[Source "ChessBase"]
[SourceDate "2005.11.24"]
[SourceVersion "1"]
[SourceVersionDate "2005.11.24"]
[SourceQuality "1"]

1. e4 e5 2. Nf3 d6 3. d4 exd4 4. Nxd4 Nf6 5. Nc3 Be7 6. Be2 0-0 7. 0-0 c5 8. Nf3 a6 9. a4 Nc6 10. Bg5 h6 11. Bh4 Be6 12. Qd2 Qc7 13. Rfd1 Rad8 14. h3 Ne8 15. Bg3 f6 16. Nd5 Bxd5 17. Qxd5+ Kh8 18. Nh4 Ne5 19. f4 g5 20. Nf5 gxf4 21. Bxf4 Qd7 22. Nxh6 Nc7 23. Qd2 Ne6 24. Bxe5 fxe5 25. Bg4 Bg5 26. Bxe6 Bxd2 27. Bxd7 Be3+ 28. Kh1 Rxd7 29. Nf5 Bg5 30. Rd5 Be7 31. Rad1 Rf6 32. Rxe5 Rc7 33. Rxe7 Rxe7 34. Nxe7 Re6 35. Nf5 1-0